01426cam a22003131 4500001001300000003000400013005001700017008004100034010001700075035001900092040005500111050002500166082001400191110004800205245013400253260004800387300003400435490005700469500019700526500005500723505005200778650003100830650005200861700005400913700004600967700003201013710005001045999001701095l 39000034 DLC20260227111536.0800620s1939 dcua f000 0 eng c al 39000034  a(OCoLC)6445330 aU.S. Dept. of Labor. Libr.cWMUWdWMUWdOCoLCdDLC00aHD8051b.A62 no. 642 a331.061731 aUnited States.bBureau of Labor Statistics.10aFamily income and expenditure in Chicago, 1935-36.cPrepared by A. D. H. Kaplan and Faith M. Williams assisted by Erika H. Wulff. aWashington,bU.S. Govt. Print. Off.,c1939. a2 v.btables, diagrs.c23 cm.0 aU. S. Bureau of Labor Statistics. Bulletinvno. 642 aAt head of title: United States Department of Labor. Frances Perkins, Secretary. Bureau of Labor Statistics. Isador Lubin, Commissioner. In cooperation with Works Progress Administration. aStudy of consumer purchases: urban series [no. 1]0 av. 1. Family income.--v. 2. Family expenditure. 0aIncomezIllinoiszChicago. 0aCost and standard of livingzIllinoiszChicago.1 aKaplan, A. D. H.q(Abraham David Hannath),d1893-1 aWilliams, Faith M.q(Faith Moors),d1893-1 aWulff, Mrs. Erika Hartmann.1 aUnited States.bWork Projects Administration. c36287d36287